000 00999nam a22002537a 4500
999 _c8372
_d8372
003 AR-CdUCM
008 190325b ||||| |||| 00| 0 spa d
040 _aMUNICIPALIDAD PROVINCIAL DEL CUSCO
_cBIBLIOTECA MUNICIPAL DEL CUSCO
041 _heng
082 _a155 /
_bH71
100 _aHofstätter, Peter Robert,
_923502
245 _aPsicología social /
260 _aMéxico, D.F :
_bUnión Tip. Edit. Hispano Americana,
_c1960.
300 _a200 paginas ;
_bDiagramas, formulas,
_c17 cm.
440 _aManuales Uthea
_n26/26a
_923503
500 _aTitulo original : Sozialpsychologie
505 _aContenido : Papel que desempeña la psicología social -- Progresiones sistemática -- Métodos de investigación -- Los teoremas de la psicología -- El proceso de socialización ...
650 _aPsicologia social
_94539
650 _aDinámica de grupos
_923504
650 _aSociometria
_923505
700 _aPereyra, Miguel (Traductor)
_923506
942 _2ddc
_cLIBROS
945 _awnts